00848 2200193 4500001002100000005001500021035002000036008003900056245003900095100001000134250000600144260003200150300001100182084001400193082000800207650001000215520041700225990001200642INLIS00000000000110820240527093113 a0010-0524000343240527 | | | 1 aDi Bawah Lindungan Ka'bah /cHamka aHamka a1 aDepok :bGema Insani,c2017 a92 hlm a813 HAM d a813 4aFiksi aNovel ini menceritakan kisah antara Hamid dan Zainab yang sama-sama jatuh cinta, tetapi terpisah mulai dikarenakan perbedaan latar belakang sosial, hingga Zainab yang dihadapkan oleh permintaan ibunya agar menikah dengan laki-laki yang telah dipilihkan. Pada akhir cerita, Hamid memutuskan pergi ke Mekkah, kemudian fokus beribadah hingga akhirnya meninggal di hadapan Ka'bah setelah mengetahui Zainab meninggal. a0744086